Learning computers / (Record no. 156348)

MARC details
000 -LEADER
fixed length control field 00624nam a22002177a 4500
003 - CONTROL NUMBER IDENTIFIER
control field dpl
005 - DATE AND TIME OF LATEST TRANSACTION
control field 20180825161156.0
008 - FIXED-LENGTH DATA ELEMENTS--GENERAL INFORMATION
fixed length control field 180825b xxu||||| |||| 00| 0 eng d
010 ## - LIBRARY OF CONGRESS CONTROL NUMBER
LC control number A-681468
020 ## - INTERNATIONAL STANDARD BOOK NUMBER
International Standard Book Number 812090432-X
Terms of availability 28.00
035 ## - SYSTEM CONTROL NUMBER
System control number A-681468
037 ## - SOURCE OF ACQUISITION
Source of stock number/acquisition BPPD/PUB
040 ## - CATALOGING SOURCE
Original cataloging agency DPL
Language of cataloging En
Transcribing agency 0
082 ## - DEWEY DECIMAL CLASSIFICATION NUMBER
Classification number 001.64
Item number AGA
245 ## - TITLE STATEMENT
Title Learning computers /
Statement of responsibility, etc by V.B.Aggarwal
260 ## - PUBLICATION, DISTRIBUTION, ETC. (IMPRINT)
Place of publication, distribution, etc New Delhi
Name of publisher, distributor, etc Pitambar publishing company pvt.ltd
Date of publication, distribution, etc 1992
270 ## - ADDRESS
Address East park road, karol bagh
City New Delhi
300 ## - PHYSICAL DESCRIPTION
Extent 120p.
Dimensions 25cm(Hb)
650 ## - SUBJECT ADDED ENTRY--TOPICAL TERM
Topical term or geographic name as entry element Compuer science
942 ## - ADDED ENTRY ELEMENTS (KOHA)
Source of classification or shelving scheme Dewey Decimal Classification
Koha item type English Books
Classification part 001.64
Call number suffix AGA
Holdings
Withdrawn status Lost status Source of classification or shelving scheme Damaged status Not for loan Collection code Home library Current library Date acquired Source of acquisition Cost, normal purchase price Total Checkouts Full call number Barcode Date last seen Cost, replacement price Price effective from Koha item type
    Dewey Decimal Classification     Non-fiction Shahdara Branch Shahdara Branch 25/08/2018 BPPD/PUB 28.00   001.64 AGA A-681468 25/08/2018 28.00 25/08/2018 English Books

© Delhi Public Library
Hit Counter
free hit counter